Statistics for Spy Agency Acronyms

Click here to take the quiz!

General Stats

  • This quiz has been taken 256 times
  • The average score is 8 of 10

Answer Stats

HintAcronymCountry% Correct
#2MI6UK
100%
#1CIAUSA
100%
#3FSBRussia
95%
#7MOSSADIsrael
87%
#4DGSEFrance
86%
#5BNDGermany
86%
#8CSISCanada
70%
#10ASISAustralia
67%
#9RAWIndia
63%
#6ISIPakistan
51%

Score Distribution

Percentile by Number Answered

Percent of People with Each Score

Your Score History

You have not taken this quiz